000
00313nam a2200121Ia 4500
008
190216s9999||||xx |||||||||||||| ||und||
100
_a
Nelson King
245
0
_a
Visual Foxpro5.0 For Windows
260
_b
Bpb Publications
_c
1997
300
_a
525p
650
_a
"Computer Programming. Programs, Data"
942
_c
BK
999
_c
8624
_d
8624